00566cam a22002171 4500001001300000003000400013005001700017008004100034010001700075035001900092040003700111042001200148050002200160082001100182100003500193245001200228260003600240300002500276440003200301999001500333af 49000821 DLC20260227110917.0780128s1935 xx 000 0 ger c aaf 49000821  a(OCoLC)3586689 aWisconsin Univ. Libr.cScCCdDLC apremarc00aPT2295b.A5 1935a a831.791 aHebbel, Friedrich,d1813-1863.00aHebbel. a[Berlin,bR. Oldenbourg,c1935] a31 p.bport.c21 cm. 0aDeutsche Gedichte, Heftv27 c6745d6745